| 000 | 00632caa a22001692a 4500 | ||
|---|---|---|---|
| 001 | 020363 | ||
| 003 | AR-FADEU | ||
| 008 | 311216n########xxu####################dd | ||
| 092 |
_a415 _bC574 |
||
| 100 | _aCheng, Lisa L.- S. | ||
| 245 | _aClassifiers in four varieties of chinese | ||
| 300 | _aPP. 259-292 | ||
| 500 | _aEn: The Oxford handbook of comparative syntax / ed. Guglielmo Cinque. New York : Oxford University Press, 2005 | ||
| 700 | _aRint, Sybesma | ||
| 942 | _cBDGR | ||
| 999 |
_c26087 _d26087 |
||
| 773 | 0 |
_026080 _925106 _aCinque, Guglielmo, ed. _b _dNew York _o05365 _tThe Oxford handbook of comparative syntax _w( AR-FADEU) 020356 _x _z0-19-513650-0 |
|